Music Quiz

Random Music or Song Quiz

Every Bison Bison Song Quiz Stats

 Plays Quiz not verified by Sporcle

Score 0/89 Timer 12:00
0 Plays Today
Album Song % Correct
The Zach Lavis LPBallad of Zach Lavis
62.5%
Nothing Can Kill The GrimaceNothing Can Kill The Grimace
62.5%
Nothing Can Kill The GrimaceGet Clear Wedge
62.5%
The Village Creeme StandThe Ballad of Zach Lavis
62.5%
The Village Creeme StandGet Clear Wedge
62.5%
Star Crunches Are GoodFluffalo
50%
The Village Creeme StandFluffalo (Live)
50%
Bison ForeverI Love Larry Zonka
37.5%
Unreleased/Myspace OnlyEncyclopedia Brown
37.5%
Star Crunches Are GoodCold Armadillo
25%
Star Crunches Are GoodBallad of Reed Harris
25%
Star Crunches Are GoodRed Scare
25%
Star Crunches Are GoodStraight Outta Mendon
25%
The Zach Lavis LPO5
25%
The Zach Lavis LPThe Festival of the Tabernacle
25%
The Zach Lavis LPConsecutive mcs
25%
Bison ForeverBuddyhead
25%
Bison ForeverTranslucent Yard Gnomes
25%
Bison ForeverZonka Anthem 2000
25%
Bison ForeverBlockheads
25%
The Village Creeme StandBuddyhead
25%
The Village Creeme StandTranslucent Yard Gnomes
25%
The Village Creeme StandHydrox Cookie
25%
The Village Creeme StandRed Scare
25%
The Village Creeme Stand05443 The Bristol Vermont Song
25%
The Village Creeme Stand#1 Hit
25%
Larry Zonka EPWho The **** is Larry Zonka?
25%
Star Crunches Are GoodNo More Tapioca
12.5%
Star Crunches Are GoodFat Rhymes
12.5%
Star Crunches Are GoodDJ Mainland China vs Dj Taiwan
12.5%
Album Song % Correct
Star Crunches Are GoodEverybody's Doing The Bison
12.5%
The Zach Lavis LPTwelve Four Three
12.5%
The Zach Lavis LPFestival of the Glue on my Hand
12.5%
The Zach Lavis LPReturn of Reed Harris
12.5%
The Zach Lavis LPThe Clash Screwed Up Kenny's Equilibrium
12.5%
Bison ForeverClass of 2001
12.5%
Bison ForeverThe Year Of The Buffalo
12.5%
Bison ForeverCarbon Trioxide
12.5%
Bison ForeverAnarchy The Penguin
12.5%
Bison ForeverBuzzy's Rebound
12.5%
Bison ForeverBack From The Dead
12.5%
Nothing Can Kill The GrimaceAOK Rick Grady
12.5%
Nothing Can Kill The GrimaceI'm Back!
12.5%
Nothing Can Kill The GrimaceBi$hoy's Pyramid
12.5%
Nothing Can Kill The GrimacePigs And Whales
12.5%
Nothing Can Kill The GrimaceRe Della Cartolina Di Rischio
12.5%
Nothing Can Kill The GrimaceRockin The Terser
12.5%
Nothing Can Kill The GrimaceI'm Back (reprise)
12.5%
The Village Creeme StandHe Man And The Masters Of The Universe
12.5%
The Village Creeme StandLord It's Hard To Be Happy When You're Not Using The Metric System
12.5%
The Village Creeme StandOld Man Softball
12.5%
The Village Creeme StandAOK Rick Grady
12.5%
The Village Creeme StandRe Della Cartolina Di Rischio
12.5%
Yo Bison Raps And How (new song)Triple Overtime
12.5%
Yo Bison Raps And How (new song)1776
12.5%
Special Xmas ReleaseAll I Want For Xmas Is You Dead And An Ipod
12.5%
Early Bootleg/Secret Track Bob Shakur
12.5%
Star Crunches Are GoodThe City Oasis
0%
Star Crunches Are GoodBison Bisontenial Music
0%
Star Crunches Are GoodYou Should Have Totem Poles
0%
Album Song % Correct
Star Crunches Are GoodWe May Suck But We're Better Than Darkbuster
0%
Star Crunches Are GoodSatan's Minions
0%
Star Crunches Are GoodWalt Freakin Whitman
0%
The Zach Lavis LPTapioca Still Sucks
0%
The Zach Lavis LPStill B.I.S.O.N.
0%
The Zach Lavis LPHe Called The Nerds Neerds
0%
The Zach Lavis LPBison Bison Sells Out
0%
The Zach Lavis LPJoe Onarato's Answering machine
0%
The Zach Lavis LPSubterranean homesick hip hop
0%
The Zach Lavis LPwa infinite wo
0%
The Zach Lavis LPSpoonerism
0%
The Zach Lavis LPCactus Kitty Army
0%
The Zach Lavis LPWatch Philippines Strap China
0%
Bison ForeverChocolate Star Crunches In The Zach Lavis Flavored Water
0%
Bison ForeverBoulanger
0%
Bison ForeverGreensleeves
0%
Bison ForeverWe Have ADD
0%
Bison ForeverStraight Outta Kitvile
0%
Bison ForeverHabitual Drunkard
0%
Bison ForeverGet Thee To A Nunnery
0%
Nothing Can Kill The GrimaceWhat The Jazz Is All About
0%
Nothing Can Kill The GrimaceI'm The Raw Mendon
0%
Nothing Can Kill The GrimaceI'm With Stupid
0%
Nothing Can Kill The GrimaceUnderstanding in Molasses
0%
Nothing Can Kill The GrimaceEcco the Dolphin
0%
Nothing Can Kill The GrimaceThe Blue Flash
0%
Nothing Can Kill The GrimacePhil The Emo Hemophiliac
0%
Nothing Can Kill The GrimaceHow's My Driving
0%
Nothing Can Kill The GrimaceBobby Convey
0%

You're not logged in!

Compare scores with friends on all Sporcle quizzes.
OR
Log In

Show Comments

Extras

Top Quizzes Today


Score Distribution

Your Account Isn't Verified!

In order to create a playlist on Sporcle, you need to verify the email address you used during registration. Go to your Sporcle Settings to finish the process.

Report this User

Report this user for behavior that violates our Community Guidelines.

Details: